000 00751nam a2200217 i 4500
001 99049
003 ES-MaACL
005 20231228063219.0
007 t|
008 051111s1863 sp |||| | spa d
080 _a821.134.2-22"18"
100 1 _aLópez de Ayala, Adelardo,
_d1828-1879
_9139648
245 1 3 _aEl tejado de vidrio
_b: comedia en cuatro actos y en verso /
_coriginal de Adelardo López de Ayala.
250 _a3ª ed.
260 _aMadrid :
_b[s.n.],
_c1863 (
_fImp. de José Rodríguez)
300 _a122 p. ;
_c19 cm.
530 _aDisponible en formato digital.
852 _aES-MaACL
_jG-12799
856 _uhttps://archive.org/details/eltejadodevidrio30612lope/page/n3
_zInternet Archive
999 _c99049
_d99049